| 000 | 00420nam a2200169Ia 4500 | ||
|---|---|---|---|
| 008 | 230524s9999 xx 000 0 und d | ||
| 082 | _bVAS | ||
| 100 | _aNeeru Vasishth | ||
| 245 | 0 | _aBusiness Ethics and Values: With Case Studies | |
| 250 | _a2 | ||
| 260 |
_aNew Delhi _bTaxman _c2015 |
||
| 300 | _a276p; | ||
| 500 | _aQuantity Number: 1 | ||
| 650 | _aManagement | ||
| 700 |
_aNamita Rajput _942691 |
||
| 942 | _cBK | ||
| 999 |
_c57681 _d57681 |
||